30 Biggest Countries by Size - Statistics

General Stats
  • This quiz has been taken 2,421 times
    2,305 since last reset
  • The average score is 26 of 30
Answer Stats
Number Size (Sq KM) Country % Correct
2 9,984,670 Canada
99%
3 9,596,960 China
99%
1 17,075,200 Russia
99%
4 9,526,468 USA
99%
5 8,511,965 Brazil
98%
6 7,686,850 Australia
97%
7 3,287,590 India
96%
8 2,766,890 Argentina
95%
13 1,964,000 Mexico
94%
9 2,717,300 Kazakhstan
91%
10 2,381,740 Algeria
90%
11 2,345,410 Democratic Republic of the Congo
90%
14 1,919,440 Indonesia
88%
18 1,564,116 Mongolia
88%
12 2,149,690 Saudi Arabia
88%
24 1,219,912 South Africa
87%
17 1,648,000 Iran
85%
29 1,001,450 Egypt
84%
15 1,844,729 Sudan
84%
16 1,759,540 Libya
83%
21 1,267,000 Niger
81%
20 1,284,000 Chad
79%
25 1,138,910 Colombia
78%
19 1,285,220 Peru
78%
23 1,240,000 Mali
77%
26 1,127,127 Ethiopia
72%
22 1,246,700 Angola
69%
28 1,030,700 Mauritania
67%
27 1,098,580 Bolivia
65%
30 945,087 Tanzania
62%
No matching quizzes found
Score Distribution
Percent of People with Each Score
Percentile by Number Answered
Your Score History
You have not taken this quiz since the last reset